000 00519nam a22001937a 4500
003 BUBTL
008 140130b xxu||||| |||| 00| 0 eng d
082 _a346 / K9524m / 1999
100 _9134
_a Kuchhal, M. C.
245 _aMercantile law
_cby M. C. Kuchhal
250 _a5th ed.
260 _aNew Delhi,
_bVikas,
_cc1999.
300 _a[xxviii] , 617p . :
_b23cm .
_cLaw .
500 _aIncludes Index .
650 0 _926
_aLaw
856 _k0
_l0
_yDownload
942 _2ddc
_cBK
999 _c105
_d105